Ricostruisci la Carriera del Calciatore - Mikel Arteta - Statistics

Statistiche generali
  • Questo quiz è stato fatto 12 volte
  • Il punteggio medio è 3 su 7
Statistiche sulle risposte
Hint Risposta % Corretto
1999-2001 Barcellona B
71%
1999 Barcellona C
71%
2004-2005 Real Sociedad
43%
2011-2016 Arsenal
29%
2005-2011 Everton
29%
2002-2004 Rangers
29%
2001-2002 Paris Saint-Germain
14%
Nessun quiz corrispondente trovato
Distribuzione punteggi
Percentuale di utenti per punteggio
Percentile per numero di risposta
I tuoi punteggi nel tempo
Non hai fatto questo quiz